000
00278nam a2200121Ia 4500
008
220204s9999 xx 000 0 und d
082
_a
631
_b
PIL
100
_a
Pillai, S A
245
0
_a
Krishi thatvangal
260
_a
Kottayam
_b
NBS
_c
1951
650
_a
Agriculture
942
_c
BK
999
_c
20253
_d
20253